000
00466nam a2200181Ia 4500
008
100917s9999 xx 000 0 und d
082
_b
51494
100
_a
काळे वैजयंती
245
_a
मदहोश
260
_b
राजेंद्र पब्लिकेशन
_c
1982
300
_a
235
365
_b
32
520
_a
कथा
630
_a
मदहोश
650
_a
कथा
730
_a
मदहोश
942
_c
BOOK
999
_c
656888
_d
656885